000
00293nam a22001337a 4500
999
_c
259274
_d
259273
003
OSt
005
20220920151940.0
008
220920b xxu||||| |||| 00| 0 eng d
040
_c
N/A
100
_a
William Frank
245
_a
Diwani Yangu
260
_a
Nairobi
_b
KLB
_c
1979
942
_2
lcc
_c
BK